000 00385nam a2200157Ia 4500
008 210210b1964 xxu||||| |||| 00| 0 eng d
041 _aeng
082 _a823/411
100 _aSHAKESPEARE (William)
245 _aShakespeares sonnets
260 _aLondon
_bMacmillan & Co. Ltd.
_c1964
650 _asonnets
650 _aShakespeares
690 _aEnglish Drama
906 _a013954
999 _c133023
_d133023